000 00699nam a2200169 4500
999 _c17185
_d17185
008 220610b ||||| |||| 00| 0 eng d
022 _a00014826
082 _aDPer 657.05 Ac27 Jan 2016 vol. 91, no. 5
100 _aLi, Shelley Xin.
_945646
245 _aThe effect of target difficulty on target completion:
_bthe case of reducing carbon emissions/
_cShelley Xin Li and George Serafeim.
260 _aSarasota, Florida:
_bAmerican Accounting Association,
_c©2016.
300 _aV91 n5, pages 1467-1492:
_billustrations;
_c28 cm.
500 _aThe Accounting Review.
650 _aHazardous wastes
_xEnvironmental aspects.
_945647
700 _aSerafeim,George.
_eAuthor.
_945648
942 _2ddc
_cPER